Hormonal fencing / (Record no. 144144)

MARC details
000 -LEADER
fixed length control field 00538nam a22001937a 4500
010 ## - LCCN (DPL NO)
LC control number ENG-120504
020 ## - INTERNATIONAL STANDARD BOOK NUMBER
International Standard Book Number 9789383056057
Terms of availability 250.00
035 ## - SYSTEM CONTROL NUMBER
System control number EN-104036
037 ## - SOURCE OF ACQUISITION
Source of stock number/acquisition DBAD/PUB
082 ## - DEWEY DECIMAL CLASSIFICATION NUMBER
Classification number S
100 ## - MAIN ENTRY--PERSONAL NAME
Personal name Govil, Prabodh Kumar
245 ## - TITLE STATEMENT
Title Hormonal fencing /
Statement of responsibility, etc by Prabodh Kumar Govil
260 ## - PUBLICATION, DISTRIBUTION, ETC. (IMPRINT)
Place of publication, distribution, etc Jaipur
Name of publisher, distributor, etc Monika Prakashan
Date of publication, distribution, etc 201?
270 ## - ADDRESS
Address 85/175, Pratap Nagar, Sanganar,
City Jaipur
Postal code 302033
300 ## - PHYSICAL DESCRIPTION
Extent 102p.
Dimensions 21cm(Hb).
700 ## - ADDED ENTRY--PERSONAL NAME
Personal name Chowdhury, Manjula
700 ## - ADDED ENTRY--PERSONAL NAME
Personal name Chakraborty, Uttara
942 ## - ADDED ENTRY ELEMENTS (KOHA)
Source of classification or shelving scheme Dewey Decimal Classification
Item type English Books
Classification part S
Call number suffix GOV
Holdings
Withdrawn status Lost status Not for loan Collection code Home library Current library Date acquired Source of acquisition Cost, normal purchase price Full call number Barcode Copy number Cost, replacement price Koha item type
      Fiction Sarojini Nagar Sarojini Nagar 07/09/2017 DBAD/PUB 250.00 S GOV EN-104036 1 250.00 English Books

© Delhi Public Library
Hit Counter
free hit counter